[Event "Banff op"]
[Site "Banff CAN"]
[Date "2023.11.11"]
[Round "4.2"]
[White "Soberov, Emil"]
[Black "Jiang, Brian"]
[Result "0-1"]
[WhiteElo "2369"]
[BlackElo "2233"]
[PlyCount "140"]
[EventDate "2023.11.10"]
[EventType "swiss"]
[EventRounds "6"]
[EventCountry "CAN"]

1. e4 c5 2. Nc3 Nc6 3. Bb5 Nd4 4. Nf3 e6 5. O-O a6 6. Be2 Ne7 7. Nxd4 cxd4 8.
Nb1 Nc6 9. f4 Be7 10. d3 O-O 11. a3 b5 12. Nd2 f6 13. Qe1 Bb7 14. Nf3 Rc8 15.
Qg3 f5 16. Kh1 Qb6 17. e5 b4 18. Qf2 Bc5 19. b3 Ne7 20. Bb2 bxa3 21. Bxd4 Nd5
22. Bxc5 Rxc5 23. Ne1 Qb4 24. c4 Rfc8 25. Nc2 Qxb3 26. Nd4 Qb2 27. Bf3 Ba8 28.
Qxb2 axb2 29. Rab1 Nb4 30. Be2 Ra5 31. Rxb2 Nc6 32. Nc2 Kf7 33. Bf3 g5 34. g3
g4 35. Bg2 Ra4 36. Kg1 a5 37. Rfb1 Ke7 38. Kf2 h5 39. Ke3 h4 40. gxh4 Rh8 41.
Kf2 Rxh4 42. Kg3 Rh8 43. Bf1 Rc8 44. Bg2 Nd8 45. Nd4 Bxg2 46. Kxg2 Ra3 47. Rb3
Ra2+ 48. R3b2 Rxb2+ 49. Rxb2 Nc6 50. Nb5 Rh8 51. d4 Nb4 52. Rd2 Rh3 53. d5 a4
54. d6+ Kf7 55. Rb2 Nd3 56. Ra2 Nxf4+ 57. Kg1 Nd3 58. Re2 Nc5 59. Rb2 Re3 60.
Nc7 Rxe5 61. Rb8 Re2 62. Nb5 Re4 63. Na3 Re1+ 64. Kg2 Rd1 65. Rc8 Ne4 66. c5 f4
67. h4 f3+ 68. Kh2 Rd2+ 69. Kg1 f2+ 70. Kg2 Rd1 0-1

[Event "Banff op"]
[Site "Banff CAN"]
[Date "2023.11.11"]
[Round "4.4"]
[White "Chandra, Anand Rishi"]
[Black "Aljo, Johan"]
[Result "1-0"]
[WhiteElo "2283"]
[BlackElo "2057"]
[PlyCount "77"]
[EventDate "2023.11.10"]
[EventType "swiss"]
[EventRounds "6"]
[EventCountry "CAN"]

1. e4 c6 2. Nf3 d5 3. d3 dxe4 4. dxe4 Qxd1+ 5. Kxd1 Bg4 6. Be2 Nd7 7. Ne1 Bxe2+
8. Kxe2 e5 9. Nd3 f6 10. Be3 Ne7 11. Nd2 Nc8 12. a4 Bd6 13. a5 Ke7 14. f3 Bc7
15. Nb4 Bd6 16. a6 Bxb4 17. axb7 Rb8 18. bxc8=Q Rhxc8 19. Bxa7 Rb7 20. Nc4 Rcc7
21. Be3 Bc5 22. b3 Bxe3 23. Nxe3 Nc5 24. Nf5+ Ke6 25. Ra8 Rb4 26. Rd1 Nxe4 27.
fxe4 Rxe4+ 28. Ne3 f5 29. Ra4 Rxa4 30. bxa4 Ra7 31. Ra1 f4 32. Nc4 Kd5 33. Kd3
e4+ 34. Kc3 g5 35. a5 g4 36. g3 fxg3 37. hxg3 Kc5 38. a6 h5 39. Ra5# 1-0

[Event "Banff op"]
[Site "Banff CAN"]
[Date "2023.11.11"]
[Round "4.5"]
[White "Dorn, Paris"]
[Black "Findlay, Ian"]
[Result "0-1"]
[WhiteElo "2142"]
[BlackElo "2266"]
[PlyCount "50"]
[EventDate "2023.11.10"]
[EventType "swiss"]
[EventRounds "6"]
[EventCountry "CAN"]

1. d4 Nf6 2. c4 c5 3. d5 e6 4. Nc3 exd5 5. cxd5 d6 6. Nf3 g6 7. Nd2 Nbd7 8. e4
Bg7 9. Be2 O-O 10. O-O Re8 11. a4 a6 12. h3 Rb8 13. Re1 Nb6 14. Bf1 Na8 15. Nc4
b5 16. axb5 axb5 17. Nxb5 Nxe4 18. Na7 Bd7 19. Bd3 Nb6 20. Na5 Qh4 21. Rxe4
Rxe4 22. Bxe4 Qxe4 23. N7c6 Re8 24. Be3 Nxd5 25. Bd2 Nb6 0-1

[Event "Banff op"]
[Site "Banff CAN"]
[Date "2023.11.11"]
[Round "4.6"]
[White "Zhu, Brandon"]
[Black "Boehmer, Kris"]
[Result "1/2-1/2"]
[WhiteElo "2193"]
[BlackElo "2053"]
[PlyCount "76"]
[EventDate "2023.11.10"]
[EventType "swiss"]
[EventRounds "6"]
[EventCountry "CAN"]

1. d4 d5 2. c4 c6 3. Nf3 Nf6 4. e3 a6 5. Bd3 dxc4 6. Bxc4 b5 7. Bb3 e6 8. a4
Bb7 9. Qe2 Nbd7 10. O-O Be7 11. Rd1 O-O 12. Nbd2 Qb6 13. axb5 axb5 14. Rb1 c5
15. Bc2 Nd5 16. dxc5 Nxc5 17. Nd4 Nb4 18. Bb3 Nxb3 19. N4xb3 e5 20. f3 Rfd8 21.
Nf1 e4 22. Rxd8+ Rxd8 23. f4 Nd3 24. Bd2 b4 25. Qg4 Bf6 26. Ng3 Bd5 27. Nc1 Be6
28. f5 Ne5 29. Qe2 Bc4 30. Qe1 Nd3 31. Nxd3 Bxd3 32. Rd1 Rb8 33. Bc1 Rc8 34.
Nh5 Bg5 35. Kh1 g6 36. h4 Bh6 37. Nf4 Qb5 38. fxg6 hxg6 1/2-1/2

[Event "Banff op"]
[Site "Banff CAN"]
[Date "2023.11.11"]
[Round "4.7"]
[White "Wu, Jonathan"]
[Black "Bulga, Tamir"]
[Result "1/2-1/2"]
[WhiteElo "2151"]
[BlackElo "1854"]
[PlyCount "86"]
[EventDate "2023.11.10"]
[EventType "swiss"]
[EventRounds "6"]
[EventCountry "CAN"]

1. e4 c5 2. Nf3 e6 3. d4 cxd4 4. Nxd4 Nf6 5. Nc3 Nc6 6. a3 Be7 7. Be3 O-O 8. f4
d6 9. Qf3 Qc7 10. O-O-O Nxd4 11. Bxd4 e5 12. fxe5 dxe5 13. Qg3 Bd6 14. Nb5 exd4
15. Nxc7 Bxg3 16. hxg3 Bg4 17. Rxd4 Rad8 18. Nd5 Nd7 19. Bc4 Ne5 20. Bb3 Nc6
21. Rd2 Rfe8 22. Re1 Kf8 23. c3 f6 24. Bc2 Ne5 25. b3 Rc8 26. c4 a5 27. Nc3 Bd7
28. Red1 Bg4 29. Rh1 h6 30. Rd5 Ra8 31. Nb5 Re7 32. Nd6 a4 33. b4 Be6 34. Rd4
b6 35. Kb2 Rc7 36. Rc1 Rc6 37. Bd3 Rd8 38. c5 bxc5 39. bxc5 Rb8+ 40. Ka1 Rb3
41. Bb5 Rxa3+ 42. Kb1 Rb3+ 43. Ka1 Ra3+ 1/2-1/2

[Event "Banff op"]
[Site "Banff CAN"]
[Date "2023.11.11"]
[Round "4.8"]
[White "Suominen, David"]
[Black "Haessel, Dale"]
[Result "1-0"]
[WhiteElo "1975"]
[BlackElo "2150"]
[PlyCount "109"]
[EventDate "2023.11.10"]
[EventType "swiss"]
[EventRounds "6"]
[EventCountry "CAN"]

1. Nf3 d5 2. c4 e6 3. g3 Nf6 4. Bg2 b6 5. cxd5 exd5 6. d4 Be7 7. O-O O-O 8. Nc3
Bb7 9. Bf4 c5 10. Rc1 Re8 11. Re1 Nc6 12. dxc5 bxc5 13. Na4 Qa5 14. Bd2 Qb5 15.
Bf1 d4 16. b3 Rad8 17. Qc2 Nb4 18. Qc4 Qxc4 19. Rxc4 Bd5 20. Bxb4 Bxc4 21. Ba5
Bd5 22. Bxd8 Rxd8 23. Rc1 Ne4 24. h4 f5 25. Nb2 Nc3 26. Ra1 Re8 27. Nd1 Ne4 28.
Rc1 Bd6 29. Ng5 Nd2 30. Nb2 h6 31. Nh3 Kf7 32. Rc2 Nxf1 33. Kxf1 Kf6 34. Nc4
Bc7 35. Nd2 Bd6 36. Nc4 Bf8 37. Nf4 Be4 38. Nd3 g5 39. hxg5+ hxg5 40. Nd2 Rc8
41. Nc4 Be7 42. Nd2 Bd5 43. f3 Bd6 44. Kg2 g4 45. Rc1 gxf3+ 46. Nxf3 Rg8 47.
Nxc5 Rxg3+ 48. Kf2 Rg4 49. Nd3 Bg3+ 50. Kf1 Re4 51. Rc5 Be6 52. Rc6 Ke7 53. Nc5
Bd5 54. Nxe4 fxe4 55. Rg6 1-0

[Event "Banff op"]
[Site "Banff CAN"]
[Date "2023.11.11"]
[Round "4.9"]
[White "Darvekar, Yash"]
[Black "Malek, Omid"]
[Result "0-1"]
[WhiteElo "2001"]
[BlackElo "2252"]
[PlyCount "84"]
[EventDate "2023.11.10"]
[EventType "swiss"]
[EventRounds "6"]
[EventCountry "CAN"]

1. e4 e6 2. d4 d5 3. e5 c5 4. c3 Nc6 5. Nf3 Nge7 6. a3 c4 7. Nbd2 Na5 8. b4
Nac6 9. Be2 Nf5 10. Nf1 Bd7 11. Ng3 Be7 12. Nxf5 exf5 13. h4 h6 14. Qd2 Be6 15.
Qf4 Qd7 16. Be3 g6 17. Nd2 O-O-O 18. Qg3 Rdg8 19. O-O-O a5 20. Bf3 b5 21. Kb2
Qc7 22. Rc1 Kd7 23. Bf4 Qb6 24. Kc2 g5 25. hxg5 hxg5 26. Rxh8 Rxh8 27. Bxg5 Rg8
28. Bxe7 Rxg3 29. Bc5 Qd8 30. fxg3 Qg5 31. bxa5 Nxa5 32. Rb1 Qe3 33. Nf1 Qf2+
34. Nd2 Nb3 35. Rd1 Nxc5 36. dxc5 Qxc5 37. Nf1 Ke7 38. Rd4 Qxa3 39. Ne3 Qb3+
40. Kd2 b4 41. cxb4 f4 42. Rxf4 Qd3+ 0-1

[Event "Banff op"]
[Site "Banff CAN"]
[Date "2023.11.11"]
[Round "4.10"]
[White "Huh, Isaak"]
[Black "Bai, Jinghui"]
[Result "1-0"]
[WhiteElo "2219"]
[BlackElo "2002"]
[PlyCount "127"]
[EventDate "2023.11.10"]
[EventType "swiss"]
[EventRounds "6"]
[EventCountry "CAN"]

1. e4 c5 2. Nf3 Nc6 3. d4 cxd4 4. Nxd4 g6 5. Bc4 Bg7 6. Nxc6 bxc6 7. O-O d6 8.
Re1 Qb6 9. Qf3 Nf6 10. Nc3 O-O 11. Bb3 Ng4 12. h3 Ne5 13. Qg3 Ba6 14. Be3 Qc7
15. Rad1 Bc4 16. f4 Bxb3 17. axb3 Nd7 18. f5 Ne5 19. Rf1 Rab8 20. Bg5 Rb4 21.
Qh4 Re8 22. Qe1 Rbb8 23. Qd2 Rbd8 24. Kh1 Qb7 25. Bh4 Rd7 26. Bg3 Red8 27. Qe2
Bf6 28. fxg6 hxg6 29. Rf2 Bg7 30. Rdf1 Rf8 31. Ra1 Qb6 32. Ra6 Qb7 33. Rf1 e6
34. Rfa1 Ra8 35. R1a5 Rdd8 36. Bxe5 Bxe5 37. Qc4 c5 38. Nb5 Qe7 39. Nxa7 Qh4
40. Qf1 Qg3 41. Qg1 Bxb2 42. Nc6 Rxa6 43. Rxa6 Rd7 44. Qf1 Kg7 45. Qd3 Qe1+ 46.
Kh2 Bc1 47. Qg3 Qf1 48. Ra1 Rc7 49. Nd8 Rc8 50. Nb7 Ra8 51. Rb1 Ra2 52. Nxd6
Rxc2 53. Rxc1 Rxc1 54. Qe5+ Kg8 55. Ne8 Qg1+ 56. Kg3 Qd4 57. Nf6+ Kf8 58. Nh7+
Ke7 59. Qg5+ f6 60. Qxc1 Qe5+ 61. Qf4 Qc3+ 62. Kh2 g5 63. Qc7+ Ke8 64. e5 1-0

[Event "Banff op"]
[Site "Banff CAN"]
[Date "2023.11.11"]
[Round "4.11"]
[White "Nechio, Douglas"]
[Black "Tolentino, Patrick Angelo"]
[Result "0-1"]
[WhiteElo "1838"]
[BlackElo "2222"]
[PlyCount "92"]
[EventDate "2023.11.10"]
[EventType "swiss"]
[EventRounds "6"]
[EventCountry "CAN"]

1. e4 c6 2. d4 d5 3. e5 Bf5 4. Bd3 Bxd3 5. Qxd3 Qa5+ 6. Nd2 e6 7. Ne2 c5 8. c3
Qa6 9. Qe3 cxd4 10. cxd4 Ne7 11. O-O Nf5 12. Qc3 Nc6 13. Re1 Bb4 14. Qb3 Qa5
15. a3 O-O 16. Qd3 Qa4 17. b3 Qa5 18. Rd1 Nfxd4 19. Nxd4 Nxd4 20. Bb2 Bxd2 21.
Bxd4 Bg5 22. b4 Qc7 23. g3 Qd7 24. h4 Be7 25. Kg2 Rfc8 26. Rdc1 a6 27. g4 Qb5
28. Qe3 Qd7 29. Qd3 Rxc1 30. Rxc1 Rc8 31. Rxc8+ Qxc8 32. g5 g6 33. Qe3 Qc2 34.
Bb6 Kf8 35. Bc5 Bxc5 36. bxc5 Qe4+ 37. Qxe4 dxe4 38. Kg3 Ke7 39. Kf4 Kd7 40.
Kxe4 Kc6 41. Kd4 Kb5 42. f3 Ka4 43. c6 bxc6 44. Kc5 Kxa3 45. Kxc6 Kb4 46. Kd7
a5 0-1

[Event "Banff op"]
[Site "Banff CAN"]
[Date "2023.11.11"]
[Round "4.12"]
[White "Booker, Brad"]
[Black "Harms, Reece"]
[Result "1-0"]
[WhiteElo "2101"]
[BlackElo "1833"]
[PlyCount "121"]
[EventDate "2023.11.10"]
[EventType "swiss"]
[EventRounds "6"]
[EventCountry "CAN"]

1. e4 e5 2. Nf3 Nc6 3. Bb5 a6 4. Ba4 Nf6 5. O-O b5 6. Bb3 Be7 7. Re1 d6 8. c3
O-O 9. d3 Na5 10. Bc2 c5 11. Nbd2 Nc6 12. Nf1 Re8 13. a4 Bb7 14. Ne3 Bf8 15.
Bb3 g6 16. Ng5 Re7 17. Qf3 Bg7 18. Ng4 Rc7 19. axb5 axb5 20. Rxa8 Bxa8 21. Nxf7
Rxf7 22. Bxf7+ Kxf7 23. Bg5 Bb7 24. h3 Bc8 25. Ne3 h6 26. Bh4 g5 27. Bg3 Qa5
28. Qd1 Kg6 29. Qb3 Qa4 30. Qxa4 bxa4 31. Ra1 Ba6 32. c4 Nb4 33. Rxa4 Bc8 34.
Ra3 g4 35. hxg4 Bxg4 36. f3 Be6 37. Be1 h5 38. Bxb4 cxb4 39. Rb3 Nd7 40. Rxb4
Nc5 41. Rb6 Bf8 42. b4 Nxd3 43. c5 dxc5 44. Rxe6+ Kf7 45. Rb6 cxb4 46. Rb7+ Ke6
47. Nd5 h4 48. Kf1 Bc5 49. Ke2 Nf4+ 50. Nxf4+ exf4 51. Kd3 Bf8 52. Kc4 Ke5 53.
Rb5+ Ke6 54. Rxb4 Bxb4 55. Kxb4 Kf6 56. Kc4 Kg5 57. e5 h3 58. gxh3 Kh4 59. Kd5
Kxh3 60. e6 Kg2 61. Ke4 1-0

[Event "Banff op"]
[Site "Banff CAN"]
[Date "2023.11.11"]
[Round "4.13"]
[White "Alpuri, Aaqil"]
[Black "Leong, Aiden"]
[Result "0-1"]
[WhiteElo "1793"]
[BlackElo "2077"]
[PlyCount "100"]
[EventDate "2023.11.10"]
[EventType "swiss"]
[EventRounds "6"]
[EventCountry "CAN"]

1. e4 c6 2. d4 d5 3. exd5 cxd5 4. Bd3 Nc6 5. c3 Nf6 6. Bf4 Bg4 7. Qb3 Qc8 8.
Nd2 e6 9. Ngf3 Be7 10. h3 Bh5 11. O-O O-O 12. Rfe1 Bg6 13. Bxg6 hxg6 14. Rac1
Qd7 15. Ne5 Nxe5 16. Bxe5 Bd6 17. Nf3 Rab8 18. a4 Rfc8 19. Bxd6 Qxd6 20. Ne5
Ne4 21. Qd1 Nf6 22. Re3 b5 23. axb5 Rxb5 24. b3 Nd7 25. Nxd7 Qxd7 26. b4 Rb6
27. Ra1 Rbc6 28. Ra3 Qb7 29. Qa4 a6 30. Qa5 Rb6 31. Rf3 Rc4 32. Qa4 Rbc6 33.
Qb3 Qc7 34. g3 Rb6 35. Kg2 Qc6 36. Qa2 Qc8 37. Qb3 Rb5 38. Qa4 Rc6 39. Qb3 Qb7
40. Qa2 Qc8 41. Qb3 Rcb6 42. Qa2 Qa8 43. Ra5 Rxa5 44. Qxa5 Qb7 45. Qa4 Rb5 46.
Qc2 a5 47. bxa5 Rxa5 48. Qd2 Qb1 49. Qf4 Ra1 50. Qxf7+ Kh7 0-1

[Event "Banff op"]
[Site "Banff CAN"]
[Date "2023.11.11"]
[Round "4.14"]
[White "Xu, Joey"]
[Black "Burrows, Zachary"]
[Result "1/2-1/2"]
[WhiteElo "1800"]
[BlackElo "2156"]
[PlyCount "59"]
[EventDate "2023.11.10"]
[EventType "swiss"]
[EventRounds "6"]
[EventCountry "CAN"]

1. e4 d5 2. exd5 Qxd5 3. Nf3 Bg4 4. Be2 Bxf3 5. Bxf3 Qe5+ 6. Qe2 Qxe2+ 7. Kxe2
c6 8. d4 e6 9. Bf4 Nd7 10. c4 Ngf6 11. Nc3 Bb4 12. Rac1 O-O 13. a3 Be7 14. Rhd1
Rad8 15. d5 e5 16. Be3 cxd5 17. Nxd5 Bxa3 18. bxa3 e4 19. Nxf6+ Nxf6 20. Bxa7
exf3+ 21. Kxf3 Ra8 22. Bc5 Rfc8 23. Bb4 Ra6 24. Rd6 Raa8 25. Rcd1 h6 26. R1d4
Nh7 27. h4 Nf8 28. Rb6 Ne6 29. Re4 Rc7 30. c5 1/2-1/2

[Event "Banff op"]
[Site "Banff CAN"]
[Date "2023.11.11"]
[Round "4.15"]
[White "Wu, Nathan"]
[Black "Jackson, Mateo"]
[Result "1-0"]
[WhiteElo "2073"]
[BlackElo "1774"]
[PlyCount "63"]
[EventDate "2023.11.10"]
[EventType "swiss"]
[EventRounds "6"]
[EventCountry "CAN"]

1. d4 Nf6 2. Bf4 g6 3. Nc3 d5 4. Qd2 Bg7 5. Bh6 O-O 6. Bxg7 Kxg7 7. O-O-O c6 8.
f3 b5 9. h4 h5 10. e4 dxe4 11. fxe4 a5 12. Nf3 b4 13. e5 Nd5 14. Ne4 a4 15. Be2
b3 16. cxb3 axb3 17. a3 Bf5 18. Nc5 Bc2 19. Ng5 Nc7 20. Rdf1 Nba6 21. Rxf7+
Rxf7 22. Nce6+ Nxe6 23. Nxe6+ Kh7 24. Nxd8 Rxd8 25. Bxa6 Rdf8 26. Bc4 Rf2 27.
Qg5 Be4 28. Qxe7+ Kh8 29. Bxb3 Bxg2 30. Re1 R8f3 31. Qe8+ Rf8 32. Qxg6 1-0

[Event "Banff op"]
[Site "Banff CAN"]
[Date "2023.11.11"]
[Round "4.16"]
[White "Wu, Nicholas"]
[Black "Chen, Ryan"]
[Result "0-1"]
[WhiteElo "1710"]
[BlackElo "1973"]
[PlyCount "90"]
[EventDate "2023.11.10"]
[EventType "swiss"]
[EventRounds "6"]
[EventCountry "CAN"]

1. d4 d5 2. Bf4 c5 3. e3 Nc6 4. Nf3 Nf6 5. Nbd2 Qb6 6. dxc5 Qxb2 7. Rb1 Qc3 8.
Bb5 Bd7 9. O-O g6 10. Nb3 Bg7 11. Nfd4 O-O 12. Be2 a6 13. a3 e5 14. Nxc6 Bxc6
15. Bg5 Ne4 16. Be7 Rfe8 17. Bh4 Nxc5 18. Nxc5 Qxc5 19. Ra1 Ba4 20. Rc1 e4 21.
Bg3 Rac8 22. Bg4 f5 23. Bh3 Bc3 24. Bf4 Bb5 25. Bxf5 gxf5 26. Qh5 Qf8 27. Rfd1
Bc4 28. Bh6 Qf7 29. Qg5+ Qg6 30. Qh4 Bf6 31. Qf4 Be5 32. Qh4 Re6 33. Bg5 h6 34.
Bf4 Bxf4 35. Qxf4 Qg5 36. Qxg5+ hxg5 37. Rb1 Rc7 38. Rb2 Kf7 39. Rdb1 b5 40.
Ra1 a5 41. a4 b4 42. Rc1 Bd3 43. f3 Rec6 44. c3 Rxc3 45. Rxc3 bxc3 0-1

[Event "Banff op"]
[Site "Banff CAN"]
[Date "2023.11.11"]
[Round "4.17"]
[White "Bresler, Joshua"]
[Black "Zacharias, Nicholas"]
[Result "0-1"]
[WhiteElo "1609"]
[BlackElo "1905"]
[PlyCount "54"]
[EventDate "2023.11.10"]
[EventType "swiss"]
[EventRounds "6"]
[EventCountry "CAN"]

1. d4 d6 2. Nf3 Bg4 3. Nbd2 Nf6 4. c4 e6 5. e4 e5 6. d5 a5 7. b3 Na6 8. Be2 Be7
9. a3 O-O 10. Qc2 Nd7 11. O-O Ndc5 12. Kh1 Bg5 13. Ng1 Bd7 14. Bf3 b6 15. Ne2
f5 16. Nc3 Bxd2 17. Bxd2 f4 18. Rfb1 g5 19. h3 g4 20. hxg4 Qh4+ 21. Kg1 Bxg4
22. Bxg4 Qxg4 23. f3 Qh5 24. b4 axb4 25. Nb5 b3 26. Qc3 Kf7 27. Rb2 Na4 0-1

[Event "Banff op"]
[Site "Banff CAN"]
[Date "2023.11.11"]
[Round "4.18"]
[White "Koperski, Dustin"]
[Black "Montalti, Gianluca"]
[Result "0-1"]
[WhiteElo "1827"]
[BlackElo "1740"]
[PlyCount "40"]
[EventDate "2023.11.10"]
[EventType "swiss"]
[EventRounds "6"]
[EventCountry "CAN"]

1. e4 c5 2. d4 cxd4 3. c3 Nf6 4. e5 Nd5 5. Qxd4 e6 6. Nf3 Nc6 7. Qe4 d6 8. Bd3
Qc7 9. exd6 Bxd6 10. O-O b6 11. a4 Bb7 12. Na3 a6 13. Nc4 Bc5 14. Bd2 Rd8 15.
Rfd1 Nce7 16. Qe2 Ng6 17. g3 Nf6 18. Nce5 Nxe5 19. Nxe5 Rxd3 20. Nxd3 Qc6 0-1

[Event "Banff op"]
[Site "Banff CAN"]
[Date "2023.11.11"]
[Round "4.19"]
[White "Radic, Dejan"]
[Black "Pottinger, Carl"]
[Result "1/2-1/2"]
[WhiteElo "1765"]
[BlackElo "1743"]
[PlyCount "41"]
[EventDate "2023.11.10"]
[EventType "swiss"]
[EventRounds "6"]
[EventCountry "CAN"]

1. e4 c5 2. Nc3 d6 3. f4 Nc6 4. Nf3 g6 5. Bb5 Bd7 6. d3 Bg7 7. O-O Nf6 8. a4
O-O 9. Qe1 a6 10. Bxc6 Bxc6 11. Qh4 e6 12. f5 exf5 13. Bg5 h6 14. Bxh6 Bxh6 15.
Qxh6 Ng4 16. Qd2 fxe4 17. dxe4 Qe7 18. h3 Ne5 19. Nd5 Nxf3+ 20. Rxf3 Bxd5 21.
Qxd5 1/2-1/2

[Event "Banff op"]
[Site "Banff CAN"]
[Date "2023.11.11"]
[Round "4.20"]
[White "Jin, Eric"]
[Black "Pivovarov, Juraj"]
[Result "1/2-1/2"]
[WhiteElo "1956"]
[BlackElo "1903"]
[PlyCount "140"]
[EventDate "2023.11.10"]
[EventType "swiss"]
[EventRounds "6"]
[EventCountry "CAN"]

1. d4 e6 2. Nf3 f5 3. c4 Nf6 4. Nc3 c6 5. Bf4 d5 6. e3 Be7 7. Bd3 O-O 8. Qc2
Nbd7 9. h3 Ne4 10. g4 Qa5 11. gxf5 exf5 12. Kf1 Ndf6 13. Ne5 Be6 14. c5 Nh5 15.
Rg1 Bh4 16. Rg2 Kh8 17. Qe2 Nxf4 18. exf4 Bf6 19. Rc1 Rae8 20. f3 Bh4 21. Kg1
Nf6 22. Kh2 Nh5 23. Qe3 Qd8 24. Rcg1 Qe7 25. b4 Bd7 26. a4 Qe6 27. Qd2 Bf6 28.
Re2 Bxe5 29. Rxe5 Qh6 30. Ne2 Rxe5 31. dxe5 Re8 32. Qe3 Be6 33. Rg5 g6 34. Nd4
Qf8 35. Bxf5 Bxf5 36. Nxf5 Nxf4 37. Qxf4 gxf5 38. Rxf5 Qe7 39. Rf7 Qxe5 40.
Qxe5+ Rxe5 41. Kg3 b6 42. Rxa7 bxc5 43. bxc5 d4 44. Rd7 Rxc5 45. Rxd4 Ra5 46.
Rc4 Kg7 47. Kg4 Kf7 48. Re4 Kf6 49. Rc4 Kf7 50. f4 Kg7 51. f5 Kf7 52. Kg5 Kg7
53. Kf4 Kf7 54. h4 Kg7 55. Kg4 Kf7 56. Kg5 Kg7 57. Rxc6 Rxa4 58. h5 Ra7 59. h6+
Kf7 60. Rc8 Ra1 61. Rc7+ Kg8 62. Rc8+ Kf7 63. Rh8 Rg1+ 64. Kf4 Rf1+ 65. Ke4
Re1+ 66. Kd3 Kf6 67. Rxh7 Kxf5 68. Rf7+ Kg6 69. h7 Rh1 70. Ra7 Rxh7 1/2-1/2

[Event "Banff op"]
[Site "Banff CAN"]
[Date "2023.11.12"]
[Round "5.2"]
[White "Ginsburg, Mark"]
[Black "Chandra, Anand Rishi"]
[Result "0-1"]
[WhiteElo "2374"]
[BlackElo "2283"]
[PlyCount "49"]
[EventDate "2023.11.10"]
[EventType "swiss"]
[EventRounds "6"]
[EventCountry "CAN"]

1. c4 e5 2. Nc3 Nf6 3. Nf3 Nc6 4. g3 d5 5. cxd5 Nxd5 6. Bg2 Nb6 7. O-O Be7 8.
d3 O-O 9. Be3 Be6 10. a3 Nd5 11. Bd2 Nxc3 12. bxc3 f6 13. Be3 Qd7 14. Nd2 Rad8
15. a4 Na5 16. Qb1 b6 17. c4 f5 18. Nb3 Nxb3 19. Qxb3 f4 20. Bd2 Bc5 21. Bb4
fxg3 22. hxg3 Bxf2+ 23. Rxf2 Rxf2 24. Re1 Rf5 25. Bc5 0-1

[Event "Banff op"]
[Site "Banff CAN"]
[Date "2023.11.12"]
[Round "5.3"]
[White "Findlay, Ian"]
[Black "Khodjimatov, Sherzod"]
[Result "0-1"]
[WhiteElo "2266"]
[BlackElo "2321"]
[PlyCount "60"]
[EventDate "2023.11.10"]
[EventType "swiss"]
[EventRounds "6"]
[EventCountry "CAN"]

1. e4 e5 2. Nf3 Nc6 3. Bb5 a6 4. Bxc6 dxc6 5. O-O Bd6 6. d4 exd4 7. Qxd4 f6 8.
Be3 Be6 9. Nbd2 Ne7 10. Qc3 Qd7 11. Nc4 Bxc4 12. Qxc4 Ng6 13. Rad1 O-O-O 14.
Nd4 Ne5 15. Qe2 g6 16. h3 Qf7 17. b3 c5 18. Nf3 Nc6 19. Bc1 Rde8 20. Bb2 Rhg8
21. Nd2 f5 22. Qf3 f4 23. Nc4 Bf8 24. Rfe1 h5 25. e5 g5 26. e6 Rxe6 27. Rxe6
Qxe6 28. Qxh5 b5 29. Nd2 g4 30. hxg4 Qe2 0-1

[Event "Banff op"]
[Site "Banff CAN"]
[Date "2023.11.12"]
[Round "5.5"]
[White "Leong, Aiden"]
[Black "Soberov, Emil"]
[Result "1-0"]
[WhiteElo "2079"]
[BlackElo "2369"]
[PlyCount "131"]
[EventDate "2023.11.10"]
[EventType "swiss"]
[EventRounds "6"]
[EventCountry "CAN"]

1. Nf3 d5 2. g3 Nc6 3. d4 Bf5 4. Bg2 Qd7 5. O-O f6 6. c4 e6 7. a3 O-O-O 8. Nc3
dxc4 9. Qa4 a6 10. Rd1 Nge7 11. e4 Bg4 12. Be3 Qe8 13. Rd2 f5 14. d5 exd5 15.
exd5 Bxf3 16. dxc6 Bxc6 17. Rxd8+ Qxd8 18. Qxc4 Bxg2 19. Rd1 Qe8 20. Qe6+ Kb8
21. Kxg2 Qc6+ 22. Qxc6 Nxc6 23. Rd7 Kc8 24. Rf7 g6 25. Bf4 Bd6 26. Nd5 Nd8 27.
Rg7 Ne6 28. Rf7 Bxf4 29. Nxf4 Ng5 30. Rg7 Ne4 31. h4 Nd6 32. Kf3 Nc4 33. Nd3
Rd8 34. Nf4 Nxb2 35. Ne6 Rh8 36. Nxc7 Nc4 37. Ne6 Nxa3 38. Nc5 Nc4 39. Nxb7 a5
40. Nc5 Nb6 41. Ra7 Rd8 42. Rxa5 Rd5 43. Ra6 Nc4 44. Rc6+ Kb8 45. Na6+ Kb7 46.
Rxc4 Kxa6 47. Rc7 f4 48. Kxf4 Rf5+ 49. Ke3 Rh5 50. Ke4 Kb6 51. Re7 Kc6 52. Re5
Rh6 53. Rg5 Kd6 54. Kd4 Ke6 55. Kc5 Ke7 56. Re5+ Kf7 57. Kd5 Kf6 58. Kd6 Kf7
59. Rg5 Kf6 60. Kd7 Kf7 61. f3 Kf6 62. Ke8 Ke6 63. Kf8 Kf6 64. Kg8 Rh5 65. Rxh5
gxh5 66. Kxh7 1-0

[Event "Banff op"]
[Site "Banff CAN"]
[Date "2023.11.12"]
[Round "5.6"]
[White "Malek, Omid"]
[Black "Wu, Jonathan"]
[Result "1/2-1/2"]
[WhiteElo "2252"]
[BlackElo "2151"]
[PlyCount "141"]
[EventDate "2023.11.10"]
[EventType "swiss"]
[EventRounds "6"]
[EventCountry "CAN"]

1. d4 Nf6 2. Nc3 d5 3. Bf4 g6 4. e3 Bg7 5. h4 h5 6. Nf3 c5 7. Nb5 Na6 8. Be2
O-O 9. O-O Bf5 10. dxc5 Nxc5 11. Nbd4 Bg4 12. Ne5 Bxe2 13. Qxe2 Rc8 14. Rfd1
Qb6 15. Rab1 Rfd8 16. Bh2 Nce4 17. f3 Nd6 18. Rd3 a6 19. Kh1 Nd7 20. Rb3 Qa7
21. f4 Ne4 22. Nef3 e6 23. Rd3 Ndf6 24. Ne5 Ng4 25. Rf1 Nh6 26. Nef3 Qc5 27.
Kg1 Ng4 28. c3 Qe7 29. Qe1 b5 30. Rd1 Bf6 31. Ra1 Rc4 32. a3 Rdc8 33. Kh1 Nd6
34. Bg3 Nf5 35. Nc2 Re4 36. Nd2 Rxe3 37. Nxe3 Ngxe3 38. Nf3 Nxf1 39. Bf2 Nd2
40. Qxd2 Nxh4 41. Ng5 Nf5 42. a4 Nd6 43. Bh4 Nc4 44. Qe2 Qd6 45. Rf1 Bg7 46.
axb5 axb5 47. b3 Na3 48. g4 hxg4 49. Qxg4 Rxc3 50. Rg1 Qc7 51. Be1 Rc2 52. Qh4
Qe7 53. f5 d4 54. fxg6 Qb7+ 55. Ne4 fxg6 56. Qd8+ Kh7 57. Qh4+ Bh6 58. Qg4 Qf7
59. Bb4 Nc4 60. bxc4 bxc4 61. Nd6 Qf6 62. Ra1 Rc1+ 63. Rxc1 Bxc1 64. Qh3+ Kg8
65. Be1 d3 66. Nxc4 Qf5 67. Qxf5 gxf5 68. Kg2 Bf4 69. Kf3 e5 70. Nxe5 d2 71.
Bxd2 1/2-1/2

[Event "Banff op"]
[Site "Banff CAN"]
[Date "2023.11.12"]
[Round "5.7"]
[White "Boehmer, Kris"]
[Black "Huh, Isaak"]
[Result "1/2-1/2"]
[WhiteElo "2053"]
[BlackElo "2219"]
[PlyCount "126"]
[EventDate "2023.11.10"]
[EventType "swiss"]
[EventRounds "6"]
[EventCountry "CAN"]

1. d4 Nf6 2. c4 e6 3. g3 d5 4. Bg2 Bb4+ 5. Bd2 Be7 6. Nf3 O-O 7. O-O c6 8. Qc2
Nbd7 9. Bf4 b6 10. Rd1 Ba6 11. Ne5 Rc8 12. cxd5 Nxd5 13. Nxc6 Nb4 14. Qa4 Nxc6
15. Bxc6 Bxe2 16. Re1 b5 17. Qxa7 Rxc6 18. Rxe2 Qc8 19. Nc3 g5 20. d5 Ra6 21.
Qc7 gxf4 22. Qxf4 e5 23. Qg4+ Rg6 24. Qf5 b4 25. Ne4 Bd6 26. h4 Nc5 27. Nxd6
Rxd6 28. Qg5+ Rg6 29. Qxe5 Qg4 30. Rd1 Qxh4 31. d6 Ne6 32. Re4 Qh3 33. Rxb4 Rh6
34. Rh4 Rxh4 35. gxh4 Qg4+ 36. Qg3 Qxg3+ 37. fxg3 Rb8 38. d7 Kf8 39. b4 Ke7 40.
a3 Kd8 41. Rf1 Ke7 42. Rd1 Rd8 43. Kf2 Nf8 44. Re1+ Ne6 45. Rd1 Rxd7 46. Rxd7+
Kxd7 47. g4 Kd6 48. Kf3 Ke5 49. g5 Nd4+ 50. Kg4 Nf5 51. a4 Ne3+ 52. Kh5 Ng2 53.
a5 Kd5 54. b5 Kc5 55. b6 Kc6 56. Kh6 Nxh4 57. Kxh7 Nf3 58. Kg7 Nxg5 59. Kf6 Nf3
60. Kxf7 Ne5+ 61. Ke6 Nc4 62. a6 Kxb6 63. a7 Kxa7 1/2-1/2

[Event "Banff op"]
[Site "Banff CAN"]
[Date "2023.11.12"]
[Round "5.8"]
[White "Tolentino, Patrick Angelo"]
[Black "Booker, Brad"]
[Result "1/2-1/2"]
[WhiteElo "2222"]
[BlackElo "2101"]
[PlyCount "80"]
[EventDate "2023.11.10"]
[EventType "swiss"]
[EventRounds "6"]
[EventCountry "CAN"]

1. e4 c6 2. d4 d5 3. exd5 cxd5 4. Bd3 Nf6 5. c3 g6 6. Nf3 Bg7 7. Bf4 O-O 8. h3
Nc6 9. O-O Bf5 10. Bxf5 gxf5 11. Nbd2 e6 12. Ne1 Kh8 13. Nd3 Ne4 14. f3 Nxd2
15. Qxd2 Rg8 16. Kh1 Qh4 17. Qe2 Bf6 18. a4 Rg7 19. Bh2 Rag8 20. Rf2 b6 21. Qf1
Na5 22. Re2 Nc4 23. Rae1 Bg5 24. Ne5 Bd2 25. Nxc4 Bxe1 26. Qxe1 Qxe1+ 27. Rxe1
dxc4 28. Be5 Rd8 29. Kg1 Kg8 30. Bxg7 Kxg7 31. Kf2 Rd5 32. Re5 f4 33. g3 fxg3+
34. Kxg3 Kf6 35. Kf4 a6 36. Ke4 Rd8 37. Rh5 Kg6 38. Re5 Kf6 39. Rh5 e5 40. Rxe5
Rd5 1/2-1/2